| 000 | 01020nam a22002537a 4500 | ||
|---|---|---|---|
| 005 | 20240530110432.0 | ||
| 008 | 150224s2009 ua g 000 0 ara d | ||
| 017 |
_a20320/2008 _bمصر . دار الكتب المصرية |
||
| 020 | _a9773502252 | ||
| 040 | _aEG-CaGPL | ||
| 041 | 0 | _aara | |
| 082 | 0 | 4 |
_221 _a216.9\ _bن م |
| 100 | 0 | _aنورالدين ابولحية | |
| 245 | 1 | 0 |
_aمحمد صلى الله عليه وسلم و المعجزات العلمية فى القرآن الكريم / _cتاليف نورالدين ابولحية |
| 260 |
_aالقاهرة : _bدار الكتاب الحديث ، _c2009 |
||
| 300 |
_a460 ص ؛ _c24 سم |
||
| 490 | 0 |
_aرواية حوارية كتبتها من اجل الفاع عنه ؛ _v15 |
|
| 650 | 0 | 4 | _aالسيرة النبوية |
| 650 | 0 | 4 |
_aالحديث _xعلوم |
| 650 | 0 | 4 |
_aالسيرة النبوية _xالمعجزات |
| 650 | 0 | 4 |
_aالسيرة النبوية _xدفع مطاعن |
| 942 |
_2ddc _cBK |
||
| 999 |
_c60871 _d60871 |
||